| 000 | 00412 a2200145 4500 | ||
|---|---|---|---|
| 005 | 20250627153119.0 | ||
| 020 | _a0-538-65593-3 | ||
| 082 | _a330 WIL | ||
| 100 | _aWILSON, J.H. | ||
| 245 | _aEconomics: National Textbook Company, | ||
| 260 |
_aNew York, _bNational Textbook Company, _c1997. |
||
| 300 |
_axix,;748p: ill;figure,picture, _bGlossary & Index, _c28cm. |
||
| 700 | _aCLARK, J.R.000000 | ||
| 942 |
_2ddc _cBKS |
||
| 999 |
_c5721 _d5721 |
||